LEADER 01847nam 2200517 450 001 9910830850303321 005 20230613130128.0 010 $a1-119-88582-5 010 $a1-119-88580-9 035 $a(MiAaPQ)EBC7240838 035 $a(Au-PeEL)EBL7240838 035 $a(OCoLC)1377819566 035 $a(EXLCZ)9926516359600041 100 $a20230613d2023 uy 0 101 0 $aeng 135 $aurcnu|||||||| 181 $ctxt$2rdacontent 182 $cc$2rdamedia 183 $acr$2rdacarrier 200 10$aControl over communication networks $emodeling, analysis, and design of networked control systems and multi-agent systems over imperfect communication channels /$fJianying Zheng [and three others] 210 1$aHoboken, New Jersey :$cJohn Wiley & Sons, Inc.,$d[2023] 210 4$d©2023 215 $a1 online resource (291 pages) 225 1 $aIEEE Press series on electronics technology 311 08$aPrint version: Zheng, Jianying Control over Communication Networks Newark : John Wiley & Sons, Incorporated,c2023 9781119885795 320 $aIncludes bibliographical references and index. 410 0$aIEEE Press series on electronics technology. 606 $aFault tolerance (Engineering) 606 $aMultiagent systems 606 $aRemote control 606 $aRobust control 606 $aUncertainty (Information theory) 615 0$aFault tolerance (Engineering) 615 0$aMultiagent systems. 615 0$aRemote control. 615 0$aRobust control. 615 0$aUncertainty (Information theory) 676 $a620.46 700 $aZheng$b Jianying$c(Electrical engineer),$01641975 801 0$bMiAaPQ 801 1$bMiAaPQ 801 2$bMiAaPQ 906 $aBOOK 912 $a9910830850303321 996 $aControl over communication networks$93986431 997 $aUNINA LEADER 01313nam0 22002651i 450 001 UON00227833 005 20231205103445.364 100 $a20030730e18281968 |0itac50 ba 101 $ager 102 $aBE 105 $a|||| ||||| 200 1 $aˆDas ‰ System der philosophischen Moral mit Rucksicht aus die juridische Imputation die Geschichte der Moral und das christlichte Moralprinzip$fdargestellt von Karl Ludwig Michelet 210 $aBruxelles$cCulture et Civilisation$d1968. VIII$d348 p. ; 23 cm. Impression anastaltique Berlin 1828. 606 $aFILOSOFIA MORALE$3UONC003250$2FI 606 $aMorale e religione$3UONC049267$2FI 620 $aBE$dBruxelles$3UONL000128 676 $a170$cETICA (Filosofia morale)$v21 700 1$aMICHELET$bKarl Ludwig$3UONV138071$0159344 712 $aCulture et Civilisation$3UONV257937$4650 801 $aIT$bSOL$c20250606$gRICA 899 $aSIBA - SISTEMA BIBLIOTECARIO DI ATENEO$2UONSI 912 $aUON00227833 950 $aSIBA - SISTEMA BIBLIOTECARIO DI ATENEO$dSI CONS. FP III 142 (6) $eSI LO 19166 7 (6) 996 $aSystem der philosophischen Moral mit Rucksicht aus die juridische Imputation die Geschichte der Moral und das christlichte Moralprinzip$91271645 997 $aUNIOR